[Event "FRM-ch U14"]
[Site "Struga"]
[Date "2021.06.23"]
[Round "7"]
[White "Zlatkov, Anton"]
[Black "Pavkovski, Nikola"]
[Result "1-0"]
[WhiteElo "2024"]
[BlackElo "1413"]
[PlyCount "101"]
[EventDate "2021.06.19"]
[EventType "tourn"]
[EventRounds "9"]
[EventCountry "MKD"]
[SourceTitle "EXT 2022"]
[Source "ChessBase"]
[SourceDate "2021.10.06"]
[SourceVersion "1"]
[SourceVersionDate "2021.10.06"]
[SourceQuality "1"]

1. e4 c6 2. d4 d5 3. e5 Bf5 4. h4 Nd7 5. g4 Be6 6. f4 Nb6 7. f5 Bd7 8. Bd3 e6 9. Nf3 Be7 10. Nc3 Rc8 11. Ne2 c5 12. dxc5 Bxc5 13. Ng5 Nc4 14. fxe6 Bxe6 15. Nf4 Qb6 16. Nfxe6 fxe6 17. Qe2 Ne7 18. Rf1 Nxb2 19. Bb5+ Nc6 20. Bxb2 a6 21. Bxc6+ Rxc6 22. c3 h6 23. Nf3 0-0 24. Rd1 Qa5 25. Ba1 Rc7 26. Nd4 Re8 27. Nb3 Qb6 28. Rd3 Be7 29. Qf2 Qxf2+ 30. Kxf2 Bxh4+ 31. Ke2 Ree7 32. Nd4 Bg5 33. Rdf3 Rc8 34. Bb2 Bh4 35. Ba3 Ree8 36. Kd3 Be7 37. Bb2 Bc5 38. Rf7 Bxd4 39. cxd4 Rf8 40. Rxf8+ Rxf8 41. Rxf8+ Kxf8 42. a4 g6 43. a5 Ke7 44. Bc1 h5 45. Bg5+ Kd7 46. Ke3 Ke8 47. Kf4 Kf8 48. Bf6 Kg8 49. gxh5 gxh5 50. Kg5 Kf7 51. Kxh5 1-0

[Event "FRM-ch U14"]
[Site "Ohrid"]
[Date "2020.08.28"]
[Round "5"]
[White "Mateski, Julian"]
[Black "Pavkovski, Nikola"]
[Result "1/2-1/2"]
[WhiteElo "1256"]
[BlackElo "1495"]
[PlyCount "70"]
[EventDate "2020.08.25"]
[EventType "tourn"]
[EventRounds "7"]
[EventCountry "MKD"]
[SourceTitle "CBM 198 Extra"]
[Source "ChessBase"]
[SourceDate "2020.11.30"]
[SourceVersion "1"]
[SourceVersionDate "2020.11.30"]
[SourceQuality "1"]

1. d4 d5 2. c4 c6 3. Nc3 Nf6 4. Nf3 e6 5. e3 Nbd7 6. Be2 Be7 7. 0-0 0-0 8. Qc2 dxc4 9. Bxc4 b5 10. Bd3 Bb7 11. a3 a6 12. b4 a5 13. bxa5 Rxa5 14. Bb2 Qc7 15. Nxb5 Qb6 16. Nc3 c5 17. Na4 Qa7 18. Nxc5 Nxc5 19. dxc5 Bxf3 20. gxf3 Rxc5 21. Bd4 Rxc2 22. Bxa7 Rc3 23. Be4 Nxe4 24. fxe4 Ra8 25. Bd4 Rcxa3 26. Rxa3 Rxa3 27. Ra1 Rxa1+ 28. Bxa1 g6 29. f4 Bc5 30. e5 Kf8 31. Kf2 Ke8 32. Kf3 Kd7 33. h4 h5 34. Bc3 Kc6 35. e4 Kd7 1/2-1/2

[Event "FRM-ch U14"]
[Site "Ohrid"]
[Date "2020.08.25"]
[Round "1"]
[White "Pavkovski, Nikola"]
[Black "Zlatkov, Anton"]
[Result "0-1"]
[WhiteElo "1495"]
[BlackElo "2014"]
[PlyCount "72"]
[EventDate "2020.08.25"]
[EventType "tourn"]
[EventRounds "7"]
[EventCountry "MKD"]
[SourceTitle "CBM 198 Extra"]
[Source "ChessBase"]
[SourceDate "2020.11.30"]
[SourceVersion "1"]
[SourceVersionDate "2020.11.30"]
[SourceQuality "1"]

1. e4 c5 2. Nf3 d6 3. d4 cxd4 4. Nxd4 Nf6 5. Nc3 a6 6. Bg5 e6 7. Be2 Be7 8. 0-0 0-0 9. Kh1 b5 10. a3 Bb7 11. Bd3 Nbd7 12. f4 h6 13. Bh4 Qc7 14. f5 e5 15. Nb3 Nb6 16. Rf3 d5 17. Bxf6 Bxf6 18. exd5 Nxd5 19. Ne4 Qe7 20. Nxf6+ Nxf6 21. Re3 Rad8 22. Qe1 Rfe8 23. Rd1 Nd5 24. Rg3 e4 25. Be2 Qe5 26. c4 Nf4 27. cxb5 axb5 28. Qf1 e3 29. Nc1 Rd2 30. b3 Red8 31. Re1 h5 32. Bf3 Rf2 33. Qg1 h4 34. Rg4 Rxf3 35. gxf3 Bxf3+ 36. Rg2 Bxg2+ 0-1

[Event "FRM-chT"]
[Site "Ohrid"]
[Date "2019.07.22"]
[Round "1.5"]
[White "Gotovusa, Goran"]
[Black "Pavkovski, Nikola"]
[Result "1-0"]
[WhiteElo "2153"]
[BlackElo "1435"]
[PlyCount "79"]
[EventDate "2019.07.22"]
[EventType "team-tourn"]
[EventRounds "7"]
[EventCountry "MKD"]
[SourceTitle "EXT 2020"]
[Source "ChessBase"]
[SourceDate "2019.10.17"]
[SourceVersion "1"]
[SourceVersionDate "2019.10.17"]
[SourceQuality "1"]
[WhiteTeam "Prilep"]
[BlackTeam "Skopje MSK Centar"]
[WhiteTeamCountry "MKD"]
[BlackTeamCountry "MKD"]

1. d4 d5 2. e3 Nf6 3. Nf3 Bf5 4. Bd3 Bxd3 5. Qxd3 e6 6. Qb5+ Nbd7 7. Qxb7 Be7 8. Qa6 0-0 9. 0-0 Ne4 10. Nbd2 Nxd2 11. Bxd2 c5 12. c4 dxc4 13. Qxc4 cxd4 14. Nxd4 Nb6 15. Qe2 Bf6 16. Bc3 Nd5 17. Rac1 Qb6 18. Nb3 Bxc3 19. bxc3 Rac8 20. c4 Nb4 21. c5 Qb7 22. a3 Nc6 23. Nd4 Nxd4 24. exd4 Rfd8 25. Rfd1 h6 26. Rb1 Qc6 27. Qb5 Qxb5 28. Rxb5 a6 29. Ra5 Rd5 30. f4 Rc6 31. Kf2 Kf8 32. Ke3 f6 33. Ke4 g5 34. g3 gxf4 35. gxf4 Kf7 36. Rb1 Rh5 37. Rb7+ Kg6 38. Rb2 Kf7 39. a4 Kg6 40. Rb6 1-0

[Event "FRM-ch U12"]
[Site "Struga"]
[Date "2018.06.13"]
[Round "5"]
[White "Pavkovski, Nikola"]
[Black "Cvetkovski, Filip"]
[Result "1-0"]
[WhiteElo "1175"]
[BlackElo "1273"]
[PlyCount "103"]
[EventDate "2018.06.09"]
[EventType "swiss"]
[EventRounds "6"]
[EventCountry "MKD"]
[SourceTitle "CBM 185 Extra"]
[Source "ChessBase"]
[SourceDate "2018.07.29"]
[SourceVersion "1"]
[SourceVersionDate "2018.07.29"]
[SourceQuality "1"]

1. e4 e5 2. Nf3 Nc6 3. Bb5 Nf6 4. 0-0 a6 5. Ba4 Be7 6. Re1 b5 7. Bb3 0-0 8. c3 Bb7 9. d4 d6 10. Nbd2 h6 11. Nf1 Qd7 12. Ng3 Rad8 13. Nh4 Qg4 14. Qxg4 Nxg4 15. Nhf5 a5 16. d5 Rfe8 17. dxc6 Bxc6 18. Bd5 Bxd5 19. exd5 Bf6 20. h3 g6 21. Nxh6+ Nxh6 22. Bxh6 g5 23. Ne4 Be7 24. Bxg5 Bxg5 25. Nxg5 b4 26. cxb4 axb4 27. Re4 Rb8 28. Rc1 Re7 29. Rc6 Rb5 30. Kf1 Rxd5 31. Rxb4 f6 32. Nf3 e4 33. Nd4 f5 34. Ke2 f4 35. Nb5 Rg7 36. Nxc7 Rc5 37. Rxc5 dxc5 38. Rb8+ Kh7 39. Ne6 Rxg2 40. Nxf4 Rg1 41. a4 Ra1 42. Ra8 Ra2 43. Ke3 Rxb2 44. Kxe4 Rd2 45. Rc8 Rd4+ 46. Ke3 Rxa4 47. Rxc5 Ra3+ 48. Nd3 Ra1 49. Kf4 Rg1 50. Rg5 Rxg5 51. Kxg5 Kg7 52. f4 1-0

[Event "Vevcani Lasker U20 op"]
[Site "Vevcani"]
[Date "2017.10.22"]
[Round "6"]
[White "Pavkovski, Nikola"]
[Black "Boneski, Nikola"]
[Result "1/2-1/2"]
[WhiteElo "1054"]
[BlackElo "1223"]
[PlyCount "59"]
[EventDate "2017.10.20"]
[EventType "swiss"]
[EventRounds "7"]
[EventCountry "MKD"]
[SourceTitle "CBM 181 Extra"]
[Source "ChessBase"]
[SourceDate "2017.12.12"]
[SourceVersion "1"]
[SourceVersionDate "2017.12.12"]
[SourceQuality "1"]

1. e4 c5 2. Nf3 d6 3. d4 cxd4 4. Nxd4 Nf6 5. Nc3 g6 6. Be3 Bg7 7. Bc4 0-0 8. Qd2 Nc6 9. Nf3 a6 10. Bb3 Rb8 11. a3 Na5 12. Ba2 b5 13. Rb1 Nc4 14. Bxc4 bxc4 15. 0-0 Ng4 16. Rfd1 Nxe3 17. Qxe3 Be6 18. Nd4 Qb6 19. h3 Qc5 20. Na4 Qa7 21. Nc6 Qxe3 22. Nxe7+ Kh8 23. fxe3 Bd7 24. b3 cxb3 25. cxb3 Rfe8 26. Nd5 Rxe4 27. Ndb6 Be6 28. Kf2 Rd8 29. Kf3 Re5 30. e4 1/2-1/2